[Event "Club 608 Online 1 - Open C (-1200)"]
[Date "2021.04.10"]
[Round "5.5"]
[White "Descombes, Maëlle"]
[Black "Béranger, Théodore"]
[Result "0-1"]
[BlackElo "1009"]
[WhiteElo "1099"]

{Clock started by Black. Arbiter adjusted W@0:50:00.0 and B@0:50:00.0. White stopped clock for 229 seconds. Arbiter adjusted W@0:50:00.0 and B@0:50:00.0. Arbiter stopped clock for 1167 seconds.} 1. e4 {[%clk 0:50:03.2]} e5 {[%clk 0:50:07.0]} 2. Nf3 {[%clk 0:49:58.7]} Nc6 {[%clk 0:49:50.6]} 3. Bc4 {[%clk 0:49:37.5]} Bc5 {[%clk 0:49:38.6]} 4. d3 {[%clk 0:48:37.9]} h6 {[%clk 0:48:00.3]} 5. Be3 {[%clk 0:47:16.3]} Bxe3 {[%clk 0:48:02.9]} 6. 0-0 {[%clk 0:46:46.3]} Bc5 {[%clk 0:47:55.8]} 7. c3 {[%clk 0:46:22.7]} Nf6 {[%clk 0:47:41.3]} 8. d4 {[%clk 0:46:09.7]} exd4 {[%clk 0:47:45.2]} 9. cxd4 {[%clk 0:45:51.7]} Bb6 {[%clk 0:47:44.8]} 10. Nc3 {[%clk 0:44:55.3]} 0-0 {[%clk 0:47:49.6]} 11. Re1 {[%clk 0:43:54.7]} Re8 {[%clk 0:47:07.6]} 12. e5 {[%clk 0:43:20.0]} Nh7 {[%clk 0:47:04.1]} 13. Qd2 {[%clk 0:42:24.0]} d6 {[%clk 0:46:57.7]} 14. Qf4 {[%clk 0:41:58.3]} Be6 {[%clk 0:46:48.9]} 15. Bxe6 {[%clk 0:40:42.6]} Rxe6 {[%clk 0:46:54.2]} 16. Qg4 {[%clk 0:40:23.7]} g6 {[%clk 0:45:12.8]} 17. d5 {[%clk 0:40:12.3]} h5 {[%clk 0:45:00.1]} 18. Qf4 {[%clk 0:39:46.9]} dxe5 {[%clk 0:44:52.9]} 19. Nxe5 {[%clk 0:39:36.7]} Nxe5 {[%clk 0:45:00.4]} 20. dxe6 {[%clk 0:39:25.5]} Nd3 {[%clk 0:44:54.1]} 21. Qxf7+ {[%clk 0:39:14.4]} Kh8 {[%clk 0:44:54.3]} 22. Re4 {[%clk 0:39:00.8]} Ng5 {[%clk 0:44:22.0]} 23. Rh4 {[%clk 0:38:42.8]} Nxf7 {[%clk 0:44:12.4]} 24. exf7 {[%clk 0:38:42.8]} Qxh4 {[%clk 0:44:15.5]} 25. g3 {[%clk 0:38:21.4]} Qd4 {[%clk 0:43:57.3]} 26. Kg2 {[%clk 0:37:50.4]} Qxf2+ {[%clk 0:44:01.2]} 27. Kh3 {[%clk 0:37:37.5]} Qxf7 {[%clk 0:43:42.1]} 28. Ne4 {[%clk 0:36:24.0]} Qf3 {[%clk 0:43:36.7]} 29. Ng5 {[%clk 0:36:04.8]} Qg4+ {[%clk 0:43:36.5]} 30. Kg2 {[%clk 0:35:58.3]} Qxg5 {[%clk 0:43:30.8]} 31. Rd1 {[%clk 0:35:29.0]} Nf4+ {[%clk 0:43:36.4]} 32. Kf1 {[%clk 0:35:13.6]} Qb5+ {[%clk 0:43:42.6]} 33. Ke1 {[%clk 0:35:05.9]} Qe2# {[%clk 0:43:49.1]} 0-1

[Event "Club 608 Online 1 - Open A (-2200)"]
[Date "2021.04.10"]
[Round "5.5"]
[White "Sabapathee, Florian"]
[Black "Pierre Yves, Feldis"]
[Result "0-1"]
[BlackElo "1544"]
[WhiteCountry "FRA"]
[WhiteElo "1477"]
[WhiteFideId "45195951"]

{Clock started by White.} 1. c4 {[%clk 0:50:05.4]} Nf6 {[%clk 0:50:02.9]} 2. g3 {[%clk 0:50:08.5]} g6 {[%clk 0:50:07.0]} 3. Bg2 {[%clk 0:50:14.5]} Bg7 {[%clk 0:50:14.5]} 4. d4 {[%clk 0:50:21.3]} 0-0 {[%clk 0:50:18.4]} 5. Nc3 {[%clk 0:50:28.7]} d6 {[%clk 0:50:22.9]} 6. Nf3 {[%clk 0:50:35.2]} c5 {[%clk 0:50:12.7]} 7. 0-0 {[%clk 0:50:40.1]} Nc6 {[%clk 0:50:08.8]} 8. e4 {[%clk 0:50:24.8]} cxd4 {[%clk 0:49:03.9]} 9. Nxd4 {[%clk 0:49:44.2]} Ne5 {[%clk 0:47:10.1]} 10. b3 {[%clk 0:49:23.0]} Bd7 {[%clk 0:46:30.8]} 11. Bb2 {[%clk 0:49:05.9]} Nc6 {[%clk 0:45:39.2]} 12. Re1 {[%clk 0:48:09.8]} Rc8 {[%clk 0:44:26.7]} 13. Kh1 {[%clk 0:47:37.8]} Qa5 {[%clk 0:44:02.3]} 14. Nd5 {[%clk 0:45:29.9]} Nxd5 {[%clk 0:42:20.6]} 15. Nxc6 {[%clk 0:45:00.4]} bxc6 {[%clk 0:42:13.3]} 16. Bxg7 {[%clk 0:44:59.9]} Kxg7 {[%clk 0:42:14.2]} 17. exd5 {[%clk 0:45:02.6]} cxd5 {[%clk 0:42:05.5]} 18. Rxe7 {[%clk 0:45:06.0]} Be6 {[%clk 0:41:17.5]} 19. Qd4+ {[%clk 0:45:03.2]} Kg8 {[%clk 0:41:15.5]} 20. Bxd5 {[%clk 0:45:07.7]} Bxd5+ {[%clk 0:40:25.2]} 21. Qxd5 {[%clk 0:45:11.6]} Qc3 {[%clk 0:39:21.8]} 22. Rd1 {[%clk 0:45:09.3]} Qf6 {[%clk 0:39:15.8]} 23. Rxa7 {[%clk 0:45:01.0]} Qxf2 {[%clk 0:39:05.1]} 24. Ra6 {[%clk 0:44:59.2]} Rc5 {[%clk 0:38:43.5]} 25. Qg2 {[%clk 0:44:54.9]} Qe3 {[%clk 0:37:23.4]} 26. Raxd6 {[%clk 0:44:50.2]} Re5 {[%clk 0:36:47.8]} 27. R6d3 {[%clk 0:44:14.1]} Qh6 {[%clk 0:35:50.7]} 28. Rd8 {[%clk 0:44:08.0]} Ree8 {[%clk 0:35:25.6]} 29. Rxe8 {[%clk 0:44:09.5]} Rxe8 {[%clk 0:35:29.2]} 30. c5 {[%clk 0:43:33.3]} Qh5 {[%clk 0:35:21.4]} 31. Rc1 {[%clk 0:43:26.8]} Re2 {[%clk 0:35:01.9]} 32. Qa8+ {[%clk 0:42:31.5]} Kg7 {[%clk 0:35:04.0]} 33. h4 {[%clk 0:42:21.9]} Qg4 {[%clk 0:34:39.8]} 34. Qg2 {[%clk 0:41:44.7]} Rxg2 {[%clk 0:34:15.1]} 35. Kxg2 {[%clk 0:41:51.7] White offered a draw.} Qe2+ {[%clk 0:34:13.0]} 36. Kh3 {[%clk 0:41:49.0]} Qe6+ {[%clk 0:34:11.9]} 37. Kh2 {[%clk 0:41:50.3]} Qd5 {[%clk 0:33:38.1]} 38. Kh3 {[%clk 0:41:48.1]} Qd2 {[%clk 0:33:09.4]} 39. Rc4 {[%clk 0:41:42.2]} Qe1 {[%clk 0:32:58.4]} 40. c6 {[%clk 0:41:18.3]} h5 {[%clk 0:32:57.5]} 41. Kg2 {[%clk 0:41:06.5]} Qe2+ {[%clk 0:33:00.3]} 42. Kh3 {[%clk 0:41:07.5] White offered a draw.} Qf1+ {[%clk 0:33:02.7]} 43. Kh2 {[%clk 0:41:13.5]} Qf2+ {[%clk 0:33:04.2]} 44. Kh3 {[%clk 0:41:15.0]} Qg1 {[%clk 0:32:50.3]} 45. g4 {[%clk 0:40:15.0]} hxg4+ {[%clk 0:32:51.3]} 46. Rxg4 {[%clk 0:40:22.2]} Qh1+ {[%clk 0:32:53.3]} 47. Kg3 {[%clk 0:40:29.7]} Qxc6 {[%clk 0:32:53.2]} 48. h5 {[%clk 0:40:14.7]} Qc3+ {[%clk 0:32:46.1]} 49. Kg2 {[%clk 0:40:14.8]} Qd2+ {[%clk 0:32:30.9]} 50. Kg3 {[%clk 0:40:17.7]} Qxa2 {[%clk 0:32:18.8]} 51. hxg6 {[%clk 0:40:25.1]} fxg6 {[%clk 0:32:23.2]} 52. b4 {[%clk 0:40:32.4]} Qb3+ {[%clk 0:32:22.8]} 53. Kh4 {[%clk 0:40:39.6]} Qf3 {[%clk 0:32:03.8]} 54. Kg5 {[%clk 0:40:41.5]} Qf5+ {[%clk 0:32:01.0]} 55. Kh4 {[%clk 0:40:49.3]} Kh6 {[%clk 0:31:56.1]} 56. Kg3 {[%clk 0:40:52.8]} g5 {[%clk 0:31:41.7]} 57. Rc4 {[%clk 0:40:45.8]} Qd3+ {[%clk 0:31:37.0]} 58. Kg4 {[%clk 0:40:54.4]} Qxc4+ {[%clk 0:31:40.7]} 59. Kf5 {[%clk 0:41:02.7]} Qxb4 {[%clk 0:31:44.4]} 60. Kf6 {[%clk 0:41:11.6]} Qe4 {[%clk 0:31:41.3]} 61. Kf7 {[%clk 0:41:17.5]} Qe5 {[%clk 0:31:43.5]} 62. Kf8 {[%clk 0:41:22.8] White offered a draw.} Kg6 {[%clk 0:31:43.6]} 63. Kg8 {[%clk 0:41:28.7]} Qg7# {[%clk 0:31:47.8]} 0-1

[Event "Club 608 Online 1 - Open B (-1600)"]
[Date "2021.04.10"]
[Round "5.5"]
[White "Yseoline, Bouland"]
[Black "Lamorelle, Alexey"]
[Result "1-0"]
[BlackCountry "FRA"]
[BlackElo "1305"]
[BlackFideId "651009838"]
[WhiteElo "1126"]

1. e4 {[%clk 0:50:10.0]} e5 {[%clk 0:49:10.1]} 2. Nf3 {[%clk 0:49:49.2]} Nc6 {[%clk 0:49:15.0]} 3. d4 {[%clk 0:49:29.0]} exd4 {[%clk 0:49:20.0]} 4. Nxd4 {[%clk 0:49:21.3]} Nf6 {[%clk 0:49:22.7]} 5. Nc3 {[%clk 0:49:06.5]} Bb4 {[%clk 0:49:14.8]} 6. Nxc6 {[%clk 0:48:56.6]} bxc6 {[%clk 0:49:21.0]} 7. Bd3 {[%clk 0:48:46.8]} 0-0 {[%clk 0:49:18.8]} 8. 0-0 {[%clk 0:48:41.3]} d5 {[%clk 0:49:05.2]} 9. Bg5 {[%clk 0:47:56.3]} Be6 {[%clk 0:48:13.2]} 10. e5 {[%clk 0:47:29.6]} h6 {[%clk 0:47:48.1]} 11. exf6 {[%clk 0:47:14.3]} hxg5 {[%clk 0:47:49.3]} 12. fxg7 {[%clk 0:46:47.4]} Kxg7 {[%clk 0:45:00.2]} 13. a3 {[%clk 0:45:02.7]} Bc5 {[%clk 0:44:46.1]} 14. Na4 {[%clk 0:42:30.0]} Bb6 {[%clk 0:43:16.1]} 15. Nxb6 {[%clk 0:42:27.4]} axb6 {[%clk 0:42:26.7]} 16. f4 {[%clk 0:41:52.0]} Rh8 {[%clk 0:40:24.8]} 17. f5 {[%clk 0:41:18.5]} Bd7 {[%clk 0:40:14.8]} 18. f6+ {[%clk 0:41:12.8]} Kg8 {[%clk 0:39:39.6]} 19. Qd2 {[%clk 0:40:31.5]} Rh5 {[%clk 0:38:27.5]} 20. Be2 {[%clk 0:39:24.3]} Rh6 {[%clk 0:38:18.1]} 21. Qxg5+ {[%clk 0:38:23.6]} Rg6 {[%clk 0:38:20.3]} 22. Qh4 {[%clk 0:38:12.8]} Kf8 {[%clk 0:35:07.1]} 23. Bd3 {[%clk 0:37:58.0]} Rg8 {[%clk 0:34:19.5]} 24. Qh6+ {[%clk 0:37:35.2]} Ke8 {[%clk 0:34:15.4]} 25. Rae1+ {[%clk 0:36:38.0]} Be6 {[%clk 0:34:13.0]} 26. Bf5 {[%clk 0:36:28.8]} Qd7 {[%clk 0:33:51.1]} 27. Bxe6 {[%clk 0:35:58.3]} fxe6 {[%clk 0:33:53.7]} 28. f7+ {[%clk 0:35:38.9]} Ke7 {[%clk 0:33:41.2]} 29. fxg8=N+ {[%clk 0:35:28.1]} Kd6 {[%clk 0:32:57.5]} 30. Qf4+ {[%clk 0:35:02.4]} e5 {[%clk 0:32:42.9]} 31. Qxe5+ {[%clk 0:34:26.8]} Kc5 {[%clk 0:32:45.1]} 32. Qc3+ {[%clk 0:33:40.2]} Kb5 {[%clk 0:32:05.9]} 33. Qd3+ {[%clk 0:33:11.6]} Ka5 {[%clk 0:32:09.7]} 34. b4+ {[%clk 0:33:13.2]} Ka4 {[%clk 0:32:13.3]} 35. Qb3+ {[%clk 0:33:16.1]} Kb5 {[%clk 0:32:18.8]} 36. Nf6 {[%clk 0:32:52.3]} Qg7 {[%clk 0:31:57.5]} 37. Nxd5 {[%clk 0:32:45.1]} Ka6 {[%clk 0:31:17.0]} 38. Qc4+ {[%clk 0:32:17.3]} Ka7 {[%clk 0:30:54.9]} 39. Qxc6 {[%clk 0:32:04.1]} Rh8 {[%clk 0:28:21.0]} 40. Qxc7+ {[%clk 0:31:41.4]} {Black Resigned} 1-0

[Event "Club 608 Online 1 - Open C (-1200)"]
[Date "2021.04.10"]
[Round "5.6"]
[White "Axel, Landoeuer"]
[Black "Chatenay, Rémi"]
[Result "0-1"]
[BlackElo "1199"]
[WhiteElo "1009"]

{Clock started by White.} 1. e4 {[%clk 0:50:07.4]} d5 {[%clk 0:50:05.8]} 2. exd5 {[%clk 0:50:14.0]} Qxd5 {[%clk 0:50:13.7]} 3. Nc3 {[%clk 0:50:22.1]} Qa5 {[%clk 0:50:21.9]} 4. Bc4 {[%clk 0:50:22.2]} Bf5 {[%clk 0:50:28.9]} 5. Nh3 {[%clk 0:50:21.3]} e6 {[%clk 0:50:34.1]} 6. Ng5 {[%clk 0:50:27.5]} Bg6 {[%clk 0:45:14.6]} 7. Qf3 {[%clk 0:50:24.5]} c6 {[%clk 0:43:46.5]} 8. 0-0 {[%clk 0:50:13.2]} Qxg5 {[%clk 0:43:04.2]} 9. Ne4 {[%clk 0:50:01.4]} Qe7 {[%clk 0:42:28.1]} 10. d3 {[%clk 0:50:03.2]} Nf6 {[%clk 0:41:45.6]} 11. Bg5 {[%clk 0:49:55.1]} Nbd7 {[%clk 0:41:29.6]} 12. Nxf6+ {[%clk 0:49:06.1]} gxf6 {[%clk 0:41:20.6]} 13. Bh4 {[%clk 0:49:08.5]} Bg7 {[%clk 0:40:00.4]} 14. Rfe1 {[%clk 0:48:53.9]} 0-0 {[%clk 0:35:08.3]} 15. Re2 {[%clk 0:48:55.9]} e5 {[%clk 0:32:01.2]} 16. a4 {[%clk 0:48:45.1]} Rfe8 {[%clk 0:28:39.8]} 17. Rae1 {[%clk 0:46:38.0]} Qc5 {[%clk 0:27:20.8]} 18. c3 {[%clk 0:46:23.8]} Re7 {[%clk 0:25:13.0]} 19. d4 {[%clk 0:46:20.5]} Qxc4 {[%clk 0:24:14.8]} 20. dxe5 {[%clk 0:46:08.6]} Rxe5 {[%clk 0:23:10.5]} 21. Rxe5 {[%clk 0:45:59.3]} Nxe5 {[%clk 0:22:51.3]} 22. Qe2 {[%clk 0:45:58.4]} Qxh4 {[%clk 0:22:37.4]} 23. g3 {[%clk 0:46:03.6]} Qh3 {[%clk 0:22:30.4]} 24. f4 {[%clk 0:45:59.0] White offered a draw.} Re8 {[%clk 0:20:24.2]} 25. Rf1 {[%clk 0:45:57.1]} Bd3 {[%clk 0:20:02.5]} 26. Qf2 {[%clk 0:45:55.5]} Bxf1 {[%clk 0:20:06.8]} 27. Qxf1 {[%clk 0:46:04.0]} Qxf1+ {[%clk 0:20:11.7]} 28. Kxf1 {[%clk 0:45:59.2]} Nd3 {[%clk 0:20:18.9]} 29. b4 {[%clk 0:45:58.4] White offered a draw.} Re1+ {[%clk 0:19:35.9]} 30. Kg2 {[%clk 0:46:03.4]} f5 {[%clk 0:19:33.9]} 31. a5 {[%clk 0:46:07.6]} b5 {[%clk 0:19:22.5] White offered a draw.} 32. a6 {[%clk 0:46:12.2]} Bxc3 {[%clk 0:19:24.1]} 33. h4 {[%clk 0:46:00.8]} Bxb4 {[%clk 0:19:13.0]} 34. Kh3 {[%clk 0:46:04.9]} c5 {[%clk 0:18:50.5]} 35. g4 {[%clk 0:46:04.0]} fxg4+ {[%clk 0:18:57.2]} 36. Kxg4 {[%clk 0:46:11.9]} c4 {[%clk 0:19:06.0]} 37. f5 {[%clk 0:46:18.6]} c3 {[%clk 0:19:14.2]} 38. h5 {[%clk 0:46:26.1]} c2 {[%clk 0:19:19.3]} 39. f6 {[%clk 0:46:34.0]} c1=Q {[%clk 0:19:26.6]} 40. h6 {[%clk 0:46:40.7]} Qxh6 {[%clk 0:19:32.4]} 41. Kf3 {[%clk 0:46:47.3]} Re5 {[%clk 0:19:25.8]} 42. Kg3 {[%clk 0:46:51.6]} Qxf6 {[%clk 0:19:17.0]} 43. Kh3 {[%clk 0:46:57.5]} Rg5 {[%clk 0:19:22.9]} 44. Kh4 {[%clk 0:47:04.6]} Rg1+ {[%clk 0:19:31.0]} 45. Kh3 {[%clk 0:47:08.1]} Qh6# {[%clk 0:19:38.5]} 0-1

[Event "Club 608 Online 1 - Open B (-1600)"]
[Date "2021.04.10"]
[Round "5.6"]
[White "Suffert, Martin"]
[Black "Mecherfi, Nuêman"]
[Result "0-1"]
[BlackElo "1176"]
[WhiteElo "1226"]

1. e4 {[%clk 0:50:10.0]} e5 {[%clk 0:49:36.8]} 2. Nf3 {[%clk 0:50:15.3]} Nc6 {[%clk 0:49:43.1]} 3. Bc4 {[%clk 0:50:12.8]} Bc5 {[%clk 0:49:48.9]} 4. 0-0 {[%clk 0:50:14.7]} Nf6 {[%clk 0:49:43.8]} 5. Nc3 {[%clk 0:50:20.4]} d6 {[%clk 0:49:47.4]} 6. h3 {[%clk 0:50:26.6]} 0-0 {[%clk 0:49:54.4]} 7. d3 {[%clk 0:50:32.0]} Na5 {[%clk 0:49:20.9]} 8. Bb3 {[%clk 0:50:33.8]} Nxb3 {[%clk 0:49:25.2]} 9. axb3 {[%clk 0:50:42.2]} a6 {[%clk 0:49:26.8]} 10. Bg5 {[%clk 0:50:45.7]} h6 {[%clk 0:48:53.2]} 11. Bh4 {[%clk 0:50:47.7]} Be6 {[%clk 0:48:57.9]} 12. Nd2 {[%clk 0:50:17.9]} c6 {[%clk 0:40:36.2]} 13. Nf3 {[%clk 0:49:28.3]} Re8 {[%clk 0:38:59.3]} 14. Re1 {[%clk 0:49:28.5]} Qd7 {[%clk 0:36:47.7]} 15. Kh2 {[%clk 0:47:14.2]} Nh5 {[%clk 0:34:32.4]} 16. Nxe5 {[%clk 0:45:58.0]} dxe5 {[%clk 0:34:11.8]} 17. Qxh5 {[%clk 0:45:47.6]} Kh7 {[%clk 0:29:44.7]} 18. Na4 {[%clk 0:44:44.2]} Bd4 {[%clk 0:28:47.9]} 19. Bg3 {[%clk 0:43:31.0]} b5 {[%clk 0:25:01.9]} 20. Nc3 {[%clk 0:43:26.3]} b4 {[%clk 0:24:53.6]} 21. Na4 {[%clk 0:42:43.7]} a5 {[%clk 0:23:15.5]} 22. Bxe5 {[%clk 0:41:36.1]} g6 {[%clk 0:21:46.8]} 23. Qf3 {[%clk 0:38:19.0]} Bxe5+ {[%clk 0:21:12.4]} 24. g3 {[%clk 0:38:13.0]} Bc7 {[%clk 0:18:55.0]} 25. Nc5 {[%clk 0:37:42.5]} Qd6 {[%clk 0:16:44.2]} 26. Nxe6 {[%clk 0:36:55.2]} Qxe6 {[%clk 0:16:36.6]} 27. Qe3 {[%clk 0:36:34.8]} Be5 {[%clk 0:15:10.8]} 28. Qc5 {[%clk 0:34:54.9]} Bxb2 {[%clk 0:12:18.6]} 29. Rxa5 {[%clk 0:34:02.5]} Rxa5 {[%clk 0:09:03.6]} 30. Qxa5 {[%clk 0:34:02.0]} Qf6 {[%clk 0:09:06.9]} 31. Kg2 {[%clk 0:33:27.9]} c5 {[%clk 0:07:47.9]} 32. Re2 {[%clk 0:32:21.6]} Qc6 {[%clk 0:06:45.2]} 33. Qa2 {[%clk 0:30:08.1]} Bd4 {[%clk 0:05:06.9]} 34. Qb1 {[%clk 0:29:25.7]} Ra8 {[%clk 0:04:22.5]} 35. Qc1 {[%clk 0:28:59.5]} g5 {[%clk 0:04:18.7]} 36. Qd2 {[%clk 0:28:38.2]} Ra1 {[%clk 0:03:28.5]} 37. f4 {[%clk 0:26:44.3]} Qg6 {[%clk 0:02:28.3]} 38. Kh2 {[%clk 0:21:57.7]} Qh5 {[%clk 0:01:27.9]} 39. fxg5 {[%clk 0:19:52.8]} hxg5 {[%clk 0:01:12.6]} 40. Kg2 {[%clk 0:17:14.8]} Rg1+ {[%clk 0:01:02.9]} 41. Kh2 {[%clk 0:16:56.8]} Qf3 {[%clk 0:01:05.7]} 42. Rg2 {[%clk 0:16:17.8]} Qf1 {[%clk 0:00:46.8] White offered a draw.} 43. g4 {[%clk 0:13:56.8]} Be5+ {[%clk 0:00:43.0]} 44. Qf4 {[%clk 0:13:29.0]} Bxf4+ {[%clk 0:00:50.0]} {White Resigned} 0-1

[Event "Club 608 Online 1 - Open C (-1200)"]
[Date "2021.04.10"]
[Round "5.7"]
[White "Liu, Oscar"]
[Black "Krebs, Ronan"]
[Result "0-1"]
[BlackElo "1099"]
[WhiteElo "1009"]

{Clock started by Black.} 1. e4 {[%clk 0:50:08.7]} e5 {[%clk 0:50:08.2]} 2. Bc4 {[%clk 0:50:15.7]} Nf6 {[%clk 0:50:13.2]} 3. Nf3 {[%clk 0:50:22.2]} h6 {[%clk 0:50:21.4]} 4. Nc3 {[%clk 0:50:25.0]} Bc5 {[%clk 0:50:23.7]} 5. 0-0 {[%clk 0:50:32.5]} 0-0 {[%clk 0:50:29.9]} 6. d3 {[%clk 0:50:39.5]} Nc6 {[%clk 0:50:26.2]} 7. Be3 {[%clk 0:50:46.2]} Bxe3 {[%clk 0:50:31.0]} 8. fxe3 {[%clk 0:50:53.5]} d6 {[%clk 0:50:25.2]} 9. h3 {[%clk 0:51:01.0]} a6 {[%clk 0:50:29.2]} 10. Qd2 {[%clk 0:49:51.1]} b5 {[%clk 0:50:28.4]} 11. Bd5 {[%clk 0:49:40.1]} Nxd5 {[%clk 0:50:33.2]} 12. Nxd5 {[%clk 0:49:47.3]} Be6 {[%clk 0:50:28.4]} 13. d4 {[%clk 0:49:07.2]} exd4 {[%clk 0:50:10.0]} 14. exd4 {[%clk 0:49:02.0]} Bxd5 {[%clk 0:50:02.5]} 15. exd5 {[%clk 0:48:37.6]} Ne7 {[%clk 0:49:35.6]} 16. Rfe1 {[%clk 0:47:56.1]} Nxd5 {[%clk 0:49:19.5]} 17. g4 {[%clk 0:47:27.2]} Qf6 {[%clk 0:48:05.3]} 18. Rf1 {[%clk 0:47:13.0]} Qf4 {[%clk 0:47:50.4]} 19. Qd3 {[%clk 0:47:13.6]} Nb4 {[%clk 0:47:09.2]} 20. Qb3 {[%clk 0:46:50.6]} a5 {[%clk 0:46:31.3]} 21. a3 {[%clk 0:46:44.6]} Nc6 {[%clk 0:46:10.4]} 22. Ne5 {[%clk 0:46:49.6]} Qxd4+ {[%clk 0:46:05.6]} 23. Rf2 {[%clk 0:46:37.9]} Qxe5 {[%clk 0:45:55.8]} 24. a4 {[%clk 0:46:22.0]} b4 {[%clk 0:45:26.3]} 25. Qc4 {[%clk 0:46:18.9]} Qxb2 {[%clk 0:44:30.3]} 26. Ra2 {[%clk 0:43:52.5]} Qc3 {[%clk 0:43:40.1]} 27. Qe4 {[%clk 0:43:27.1]} Rae8 {[%clk 0:43:12.5]} 28. Qf5 {[%clk 0:43:22.9]} Qg3+ {[%clk 0:42:34.5]} 29. Rg2 {[%clk 0:43:27.3]} Re1+ {[%clk 0:41:39.7]} 30. Qf1 {[%clk 0:41:15.4]} Qe3+ {[%clk 0:41:35.2]} 31. Rf2 {[%clk 0:41:14.9]} Rxf1+ {[%clk 0:41:40.1]} 32. Kxf1 {[%clk 0:41:12.8]} Qxh3+ {[%clk 0:41:42.8]} 33. Ke1 {[%clk 0:41:16.1]} Re8+ {[%clk 0:41:30.5]} 34. Kd1 {[%clk 0:41:21.7]} Qh1+ {[%clk 0:41:20.2]} 35. Kd2 {[%clk 0:40:56.1]} Qe1+ {[%clk 0:41:26.2]} 36. Kd3 {[%clk 0:40:33.5]} Qxf2 {[%clk 0:41:14.9]} 37. Kc4 {[%clk 0:40:29.2]} Qd4+ {[%clk 0:40:47.7]} {White Resigned} 0-1

[Event "Club 608 Online 1 - Open B (-1600)"]
[Date "2021.04.10"]
[Round "5.7"]
[White "Robert, Six"]
[Black "Nicot, Valentin"]
[Result "1-0"]
[BlackElo "1041"]
[WhiteElo "1187"]

1. e4 {[%clk 0:50:10.0]} c5 {[%clk 0:50:05.3]} 2. Nf3 {[%clk 0:50:16.9]} Nc6 {[%clk 0:50:04.4]} 3. d4 {[%clk 0:50:24.1]} cxd4 {[%clk 0:50:02.3]} 4. Nxd4 {[%clk 0:50:30.8]} Nf6 {[%clk 0:50:07.1]} 5. Nc3 {[%clk 0:50:37.8]} e5 {[%clk 0:50:09.2]} 6. Ndb5 {[%clk 0:50:34.6]} d6 {[%clk 0:50:01.0]} 7. Be3 {[%clk 0:50:24.9]} a6 {[%clk 0:49:49.6]} 8. Na3 {[%clk 0:50:28.0]} b5 {[%clk 0:49:16.3]} 9. Nd5 {[%clk 0:49:59.3]} Be6 {[%clk 0:48:17.3]} 10. Bb6 {[%clk 0:49:08.3]} Qb8 {[%clk 0:48:01.4]} 11. Nc7+ {[%clk 0:48:49.0]} Kd7 {[%clk 0:48:00.6]} 12. Nxa8 {[%clk 0:48:46.1]} Qxa8 {[%clk 0:48:06.2]} 13. Bd3 {[%clk 0:48:25.1]} b4 {[%clk 0:48:00.2]} 14. Nc4 {[%clk 0:48:02.7]} Nxe4 {[%clk 0:47:33.0]} 15. Bxe4 {[%clk 0:47:20.0]} Bxc4 {[%clk 0:47:14.1]} 16. Bd5 {[%clk 0:45:32.6]} Bxd5 {[%clk 0:45:49.5]} 17. Qxd5 {[%clk 0:45:36.2]} Be7 {[%clk 0:45:48.3]} 18. Rd1 {[%clk 0:45:03.8]} f5 {[%clk 0:45:19.0]} 19. 0-0 {[%clk 0:44:33.3]} Qb7 {[%clk 0:45:09.8]} 20. Be3 {[%clk 0:43:59.5]} f4 {[%clk 0:43:48.5]} 21. Bc1 {[%clk 0:43:41.2]} Qc7 {[%clk 0:43:29.3]} 22. c3 {[%clk 0:43:16.5]} g5 {[%clk 0:43:06.5]} 23. g3 {[%clk 0:42:53.6]} h5 {[%clk 0:43:02.0]} 24. Qf7 {[%clk 0:41:30.7]} h4 {[%clk 0:42:43.7]} 25. g4 {[%clk 0:40:59.4]} Qd8 {[%clk 0:42:09.2]} 26. Rd3 {[%clk 0:39:22.3]} Rf8 {[%clk 0:41:47.2]} 27. Qh7 {[%clk 0:38:36.4]} Qc8 {[%clk 0:41:25.5]} 28. Rfd1 {[%clk 0:38:05.9]} Kc7 {[%clk 0:41:10.4]} 29. h3 {[%clk 0:36:34.5]} Qd7 {[%clk 0:40:35.9]} 30. Qe4 {[%clk 0:35:46.6]} a5 {[%clk 0:39:54.9]} 31. Qc4 {[%clk 0:34:54.8]} Kb6 {[%clk 0:39:12.5]} 32. cxb4 {[%clk 0:33:52.2]} Nxb4 {[%clk 0:39:09.3]} 33. Rb3 {[%clk 0:33:16.2]} Rc8 {[%clk 0:39:00.1]} 34. Qe4 {[%clk 0:31:34.0]} Qa4 {[%clk 0:38:38.7]} 35. Qf5 {[%clk 0:29:25.9]} Rf8 {[%clk 0:38:13.1]} 36. Qe6 {[%clk 0:28:59.9]} Re8 {[%clk 0:37:37.4]} 37. Qc4 {[%clk 0:28:32.2]} Qc6 {[%clk 0:36:31.5]} 38. Qe2 {[%clk 0:27:16.8]} Ka7 {[%clk 0:35:56.9]} 39. a3 {[%clk 0:26:27.4]} Nc2 {[%clk 0:35:36.3]} 40. Rc3 {[%clk 0:25:44.2]} Nd4 {[%clk 0:34:47.0]} 41. Rxd4 {[%clk 0:25:22.2]} f3 {[%clk 0:34:29.3]} 42. Qd3 {[%clk 0:24:23.9]} Qb6 {[%clk 0:33:19.7]} 43. Rdc4 {[%clk 0:23:56.4]} d5 {[%clk 0:33:05.3]} 44. Rc6 {[%clk 0:23:21.7]} Qd4 {[%clk 0:32:42.7]} 45. Qa6+ {[%clk 0:23:00.7]} Kb8 {[%clk 0:32:50.0]} 46. Rc8+ {[%clk 0:23:05.1]} Rxc8 {[%clk 0:32:55.4]} 47. Rxc8# {[%clk 0:23:12.3]} 1-0

[Event "Club 608 Online 1 - Open C (-1200)"]
[Date "2021.04.10"]
[Round "5.8"]
[White "Pinçon, Pierrot"]
[Black "Campan, Antoine"]
[Result "0-1"]
[BlackElo "1009"]
[WhiteElo "1009"]

{Clock started by White.} 1. e4 {[%clk 0:50:05.2] Black stopped clock for 151 seconds.} c5 {[%clk 0:49:38.0]} 2. Bc4 {[%clk 0:49:59.2]} Nc6 {[%clk 0:49:43.5]} 3. Qh5 {[%clk 0:50:06.1]} e6 {[%clk 0:49:10.8]} 4. Nf3 {[%clk 0:50:01.7]} Nf6 {[%clk 0:49:16.4]} 5. Qh4 {[%clk 0:50:02.6]} Be7 {[%clk 0:49:15.4]} 6. e5 {[%clk 0:50:07.7]} Nd5 {[%clk 0:48:58.9]} 7. Qg4 {[%clk 0:50:08.3]} 0-0 {[%clk 0:48:44.2]} 8. d4 {[%clk 0:49:43.7]} cxd4 {[%clk 0:47:57.8]} 9. Bh6 {[%clk 0:49:48.7]} Bf6 {[%clk 0:47:16.4]} 10. exf6 {[%clk 0:49:54.2]} Qxf6 {[%clk 0:47:07.6]} 11. Bg5 {[%clk 0:49:56.9]} Qg6 {[%clk 0:46:49.5]} 12. Bxd5 {[%clk 0:50:01.6]} f6 {[%clk 0:46:40.3]} 13. Nh4 {[%clk 0:50:08.2]} Qxg5 {[%clk 0:46:40.4]} 14. Qh3 {[%clk 0:50:11.8]} exd5 {[%clk 0:46:24.3]} 15. 0-0 {[%clk 0:50:17.6]} d6 {[%clk 0:46:20.8]} 16. Qg3 {[%clk 0:50:10.4]} Qxg3 {[%clk 0:45:50.6]} 17. fxg3 {[%clk 0:50:15.5]} Nb4 {[%clk 0:45:31.7]} 18. Nd2 {[%clk 0:50:19.5]} Nxc2 {[%clk 0:45:33.9]} 19. Rac1 {[%clk 0:49:54.7]} Ne3 {[%clk 0:45:34.4]} 20. Rf3 {[%clk 0:49:56.1]} g5 {[%clk 0:45:08.9]} 21. Nf1 {[%clk 0:49:28.8]} Nxf1 {[%clk 0:45:02.2]} 22. Rcxf1 {[%clk 0:49:32.8]} gxh4 {[%clk 0:45:04.9]} 23. Rxf6 {[%clk 0:49:37.5]} Rxf6 {[%clk 0:45:10.8]} 24. Rxf6 {[%clk 0:49:44.9]} hxg3 {[%clk 0:45:17.6]} 25. hxg3 {[%clk 0:49:53.4]} Bg4 {[%clk 0:45:06.5]} 26. Rxd6 {[%clk 0:49:55.0]} Re8 {[%clk 0:45:02.2]} 27. Kh2 {[%clk 0:49:58.0]} Re5 {[%clk 0:45:05.7]} 28. Rd7 {[%clk 0:50:00.5]} Bxd7 {[%clk 0:45:12.0]} 29. b3 {[%clk 0:50:05.9]} Re2 {[%clk 0:45:17.7]} 30. a4 {[%clk 0:50:12.3]} Rb2 {[%clk 0:45:16.7]} 31. g4 {[%clk 0:50:18.6]} Rxb3 {[%clk 0:45:22.0]} 32. g5 {[%clk 0:50:27.1]} d3 {[%clk 0:45:24.0]} 33. g6 {[%clk 0:50:33.8]} hxg6 {[%clk 0:45:30.0]} 34. g4 {[%clk 0:50:41.7]} d2 {[%clk 0:45:35.0]} 35. g5 {[%clk 0:50:49.9]} Rh3+ {[%clk 0:45:36.9]} 36. Kg2 {[%clk 0:50:56.3]} d1=Q {[%clk 0:45:29.6]} 37. Kf2 {[%clk 0:50:55.4]} Qd2+ {[%clk 0:45:35.5]} 38. Kg1 {[%clk 0:51:00.6]} Rh2 {[%clk 0:45:30.7]} 39. a5 {[%clk 0:51:02.7]} Qg2# {[%clk 0:45:34.6]} 0-1